Los grandes libros para los más pequeños

Guardat en:
Dades bibliogràfiques
Autor principal: Turín, Joelle (Autor)
Format: Llibre
Idioma:espanyol
Publicat: Ciudad de México Fondo de Cultura Ecónómica 2014
Edició:1a. ed
Matèries:
Etiquetes: Afegir etiqueta
Sense etiquetes, Sigues el primer a etiquetar aquest registre!

MARC

LEADER 00000cam a2200000 a 4500
001 UCD0682
003 CL-VaPUC
008 151210e20140000mx |||||||||||||||||spa|d
020 |a 9786071624086 
082 0 4 |a 801.95  |b TUR  |2 21 
100 0 |a Turín, Joelle  |e author  |9 583660 
245 1 4 |a Los grandes libros para los más pequeños 
250 |a 1a. ed 
300 |a 230 p 
942 |c BK 
945 |d 20151210 22:58:00  |a dcastane 
260 |a Ciudad de México  |b Fondo de Cultura Ecónómica  |c 2014 
650 0 |a Literatura infantil   |9 307465 
650 0 |a Fomento de la lectura  |9 550607 
583 |a last modification  |c 20151210 22:58:00  |k Rodrigo Vera 
999 |c 362144  |d 362142 
952 |0 0  |1 0  |3 erb  |4 0  |6 801_950000000000000_TUR_2014  |7 0  |8 A  |9 473039  |a BIBEDU  |b BIBEDU  |i 5255228  |l 2  |o 801.95 TUR 2014  |p 5255228  |r 2022-05-18  |s 2022-05-18  |w 2019-11-24  |y BK  |z Catalogado en:20151210  |k PAR 
952 |0 0  |1 0  |3 erb  |4 0  |6 801_950000000000000_TUR_2014  |7 0  |8 A  |9 473040  |a BIBEDU  |b BIBEDU  |i 525521K  |o 801.95 TUR 2014  |p 525521K  |r 2019-11-24  |w 2019-11-24  |y BK  |z Catalogado en:20151210  |k PAR